Physical chemistry for metallurgists/ (Record no. 12008)
[ view plain ]
| 000 -LEADER | |
|---|---|
| fixed length control field | 01000cam a2200265 4500 |
| 001 - CONTROL NUMBER | |
| control field | 1700936 |
| 005 - DATE AND TIME OF LATEST TRANSACTION | |
| control field | 19751002000000.0 |
| 008 - FIXED-LENGTH DATA ELEMENTS--GENERAL INFORMATION | |
| fixed length control field | 731001r1966 enkaf b 000 0 eng |
| 010 ## - LIBRARY OF CONGRESS CONTROL NUMBER | |
| LC control number | 67083239 |
| 015 ## - NATIONAL BIBLIOGRAPHY NUMBER | |
| National bibliography number | B67-3931 |
| 040 ## - CATALOGING SOURCE | |
| Original cataloging agency | DLC |
| Transcribing agency | DLC |
| Modifying agency | DLC |
| 050 00 - LIBRARY OF CONGRESS CALL NUMBER | |
| Classification number | TN690 |
| Item number | .M16 1966 |
| 082 00 - DEWEY DECIMAL CLASSIFICATION NUMBER | |
| Classification number | 669.9 |
| Edition number | 22 |
| Item number | MAC |
| 100 1# - MAIN ENTRY--PERSONAL NAME | |
| Personal name | Mackowiak, J. |
| 9 (RLIN) | 6839 |
| 245 10 - TITLE STATEMENT | |
| Title | Physical chemistry for metallurgists/ |
| Statement of responsibility, etc | J. Mackowiak. |
| 250 ## - EDITION STATEMENT | |
| Edition statement | 1st ed. |
| Remainder of edition statement | reprinted with corrections. |
| 260 ## - PUBLICATION, DISTRIBUTION, ETC. (IMPRINT) | |
| Place of publication, distribution, etc | London: |
| Name of publisher, distributor, etc | Allen & Unwin, |
| Date of publication, distribution, etc | 1966. |
| 300 ## - PHYSICAL DESCRIPTION | |
| Extent | [14], 311 p. : |
| Other physical details | illus., plate, tables, diagrs. ; |
| Dimensions | 23 cm. |
| 490 1# - Series Statement | |
| Series statement | Institution of Metallurgists. Modern metallurgical texts, no. 2 |
| 504 ## - BIBLIOGRAPHY, ETC. NOTE | |
| Bibliography, etc | Includes bibliographical references and index |
| 650 #0 - SUBJECT ADDED ENTRY--TOPICAL TERM | |
| Topical term or geographic name as entry element | Physical metallurgy. |
| 9 (RLIN) | 6840 |
| 650 #0 - SUBJECT ADDED ENTRY--TOPICAL TERM | |
| Topical term or geographic name as entry element | Chemistry, Physical and theoretical. |
| 9 (RLIN) | 6841 |
| 942 ## - ADDED ENTRY ELEMENTS (KOHA) | |
| Source of classification or shelving scheme | Dewey Decimal Classification |
| Item type | Book - Borrowing |
| Withdrawn status | Item status | Source of classification or shelving scheme | Damaged status | Not for loan | Vendor | Home library | Current library | Shelving location | Date acquired | Source of acquisition | Cost, normal purchase price | Total Checkouts | Full call number | Barcode | Date last seen | Koha item type |
|---|---|---|---|---|---|---|---|---|---|---|---|---|---|---|---|---|
| Dewey Decimal Classification | Alef-Baa | Central Library | Central Library | First floor | 24/06/2009 | 150.00 | 669.9 MAC | 000017001 | 15/07/2025 | Book - Borrowing |